La máquina de los niños: replantearse la educación en la era de los ordenadores

Đã lưu trong:
Chi tiết về thư mục
Tác giả chính: Papert, Seymour (autor)
Định dạng: Sách
Ngôn ngữ:Tiếng Tây Ban Nha
Được phát hành: Barcelona Paídos 1995
Phiên bản:1a. ed
Loạt:Paidós Contextos, 27
Những chủ đề:
Các nhãn: Thêm thẻ
Không có thẻ, Là người đầu tiên thẻ bản ghi này!

MARC

LEADER 00000cam a2200000 a 4500
001 UCU7454
003 CL-VaPUC
008 960705e19950000SP |||||||||||||||||spa|d
020 |a 8449301459 
082 0 4 |a 371.334  |b PAP  |2 21 
100 |a Papert, Seymour  |e autor  |9 366305 
245 1 3 |a La máquina de los niños: replantearse la educación en la era de los ordenadores 
250 |a 1a. ed 
300 |a 247 p 
942 |c BK 
945 |d 19960705 00:00:00  |a rbrito 
260 |a Barcelona  |b Paídos  |c 1995 
650 7 |a ENSEÑANZA CON AYUDA DE COMPUTADORES  |2 CL-VaPUC  |9 262450 
650 0 |a Computadores  |9 258188 
650 7 |a EDUCACION Y COMPUTADORES  |2 CL-VaPUC  |9 366306 
650 0 |a Educación básica   |9 224933 
583 |a last modification  |c 20170228 12:03:07  |k Rodrigo Vera 
490 0 |a Paidós Contextos, 27 
999 |c 250098  |d 250096 
952 |0 0  |1 0  |4 0  |6 371_334000000000000_PAP_1995  |7 0  |8 A  |9 267889  |a FDOPOS  |b FDOPOS  |d 2019-11-19  |i 3209407  |o 371.334 PAP 1995  |p 3209407  |r 2025-01-22  |w 2019-11-19  |y BK  |k MLA 
952 |0 0  |1 0  |4 0  |6 371_334000000000000_PAP_1995  |7 0  |8 A  |9 267890  |a BIBEDU  |b BIBEDU  |d 2019-11-19  |i 3225585  |o 371.334 PAP 1995  |p 3225585  |r 2019-11-19  |w 2019-11-19  |y BK  |k EDU 
952 |0 0  |1 0  |4 0  |6 371_334000000000000_PAP_1995  |7 0  |8 A  |9 267891  |a BIBEDU  |b BIBEDU  |d 2019-11-19  |i 3440516  |o 371.334 PAP 1995  |p 3440516  |r 2019-11-19  |w 2019-11-19  |y BK  |k BME 
952 |0 0  |1 0  |3 erb  |4 0  |6 371_334000000000000_PAP_1995  |7 0  |8 A  |9 267892  |a BIBENE  |b BIBENE  |i 5329388  |o 371.334 PAP 1995  |p 5329388  |r 2025-01-15  |w 2019-11-19  |y BK  |z Catalogado en:20170303  |k ICO